[Event "ENG-ch Seniors 65"]
[Site "Leamington Spa"]
[Date "2023.05.08"]
[Round "7"]
[White "Hutchinson, Paul A"]
[Black "McNally, Richard JE"]
[Result "1-0"]
[WhiteElo "2005"]
[BlackElo "1891"]
[PlyCount "69"]
[EventDate "2023.05.04"]
[EventType "swiss"]
[EventRounds "7"]
[EventCountry "ENG"]
[SourceTitle "CBM 214 Extra"]
[Source "ChessBase"]
[SourceDate "2023.07.31"]
[SourceVersion "1"]
[SourceVersionDate "2023.07.31"]
[SourceQuality "1"]

1. d4 d5 2. Bf4 Nf6 3. e3 c5 4. Nf3 e6 5. Nbd2 Nc6 6. c3 Nh5 7. Bg5 f6 8. Bh4 g6 9. Bd3 cxd4 10. cxd4 Be7 11. a3 f5 12. Bxe7 Qxe7 13. Bb5 Bd7 14. 0-0 Nf6 15. b4 0-0 16. Nb3 Ne4 17. Rc1 g5 18. Nfd2 Nxd2 19. Qxd2 Rf6 20. e4 fxe4 21. Qxg5+ Kh8 22. Rc3 Rg8 23. Qh4 e5 24. Nc5 Rg4 25. Qh5 exd4 26. Rg3 Rxg3 27. hxg3 e3 28. f4 Be8 29. Qd1 Nxb4 30. axb4 Bxb5 31. Re1 b6 32. Nd3 Bxd3 33. Qxd3 Qxb4 34. Rc1 Rf8 35. Rc7 1-0

[Event "ENG-ch Seniors 65"]
[Site "Leamington Spa"]
[Date "2023.05.06"]
[Round "4"]
[White "Clancy, Martin J"]
[Black "McNally, Richard JE"]
[Result "1/2-1/2"]
[WhiteElo "1706"]
[BlackElo "1891"]
[PlyCount "83"]
[EventDate "2023.05.04"]
[EventType "swiss"]
[EventRounds "7"]
[EventCountry "ENG"]
[SourceTitle "CBM 214 Extra"]
[Source "ChessBase"]
[SourceDate "2023.07.31"]
[SourceVersion "1"]
[SourceVersionDate "2023.07.31"]
[SourceQuality "1"]

1. e4 e5 2. Nf3 Nc6 3. Bb5 Nf6 4. Qe2 Bc5 5. c3 d6 6. h3 0-0 7. 0-0 Nh5 8. d4 Bb6 9. Rd1 Qf6 10. Be3 Nf4 11. Bxf4 Qxf4 12. Qe3 Qxe3 13. fxe3 h6 14. Na3 f5 15. exf5 Bxf5 16. Nc4 Bxh3 17. Nxb6 axb6 18. dxe5 Bg4 19. Bxc6 bxc6 20. exd6 cxd6 21. Rxd6 Bxf3 22. gxf3 Rxf3 23. Rxc6 Ra5 24. Rxb6 Rg5+ 25. Kh2 Rf2+ 26. Kh1 Rgg2 27. a4 h5 28. Rb4 Rh2+ 29. Kg1 Rfg2+ 30. Kf1 Rc2 31. Kg1 h4 32. Rg4 Rxb2 33. a5 h3 34. a6 Ra2 35. Rxa2 Rxa2 36. Rh4 Rxa6 37. Rxh3 Ra2 38. Kf1 Rc2 39. e4 Kf7 40. Re3 Ke6 41. e5 Ra2 42. Ke1 1/2-1/2

[Event "ENG-ch Seniors 50"]
[Site "Milton Keynes"]
[Date "2021.10.06"]
[Round "3"]
[White "McNally, Richard JE"]
[Black "Gibbs, Dominic V"]
[Result "0-1"]
[WhiteElo "1923"]
[BlackElo "1861"]
[PlyCount "96"]
[EventDate "2021.10.04"]
[EventType "swiss"]
[EventRounds "7"]
[EventCountry "ENG"]
[SourceTitle "EXT 2023"]
[Source "ChessBase"]
[SourceDate "2022.10.05"]
[SourceVersion "1"]
[SourceVersionDate "2022.10.05"]
[SourceQuality "1"]

1. e4 c5 2. c3 Nf6 3. e5 Nd5 4. d4 cxd4 5. Qxd4 e6 6. Nf3 Nc6 7. Qe4 f5 8. Qe2 b5 9. g3 a5 10. Bg2 Ba6 11. Nh4 Qe7 12. Nxf5 exf5 13. Bxd5 Qc5 14. Bg2 Be7 15. Qe3 0-0-0 16. 0-0 Nxe5 17. Re1 Qxe3 18. Bxe3 Nc6 19. Nd2 Rde8 20. Nb3 b4 21. Nc5 Bb5 22. cxb4 Nxb4 23. Rec1 Kb8 24. a4 Bc6 25. Bd2 Bf6 26. Bxc6 dxc6 27. Nd7+ Kb7 28. Nxf6 gxf6 29. Bxb4 axb4 30. Rc4 Re4 31. Rac1 Rhe8 32. Kg2 R8e6 33. R1c2 Kb6 34. b3 Rxc4 35. Rxc4 c5 36. Kf1 Re5 37. Rh4 Rd5 38. Ke2 Re5+ 39. Kd2 Rd5+ 40. Kc2 Re5 41. Rf4 Rd5 42. Rf3 Kc6 43. Re3 Rd6 44. Re7 h5 45. Rh7 Re6 46. Kd3 Rd6+ 47. Ke3 c4 48. Rxh5 cxb3 0-1

[Event "Witney op 7th"]
[Site "Witney"]
[Date "2019.11.03"]
[Round "4"]
[White "McNally, Richard JE"]
[Black "Moyse, Nigel John"]
[Result "1-0"]
[WhiteElo "164"]
[BlackElo "169"]
[PlyCount "98"]
[EventDate "2019.11.02"]
[EventType "swiss"]
[EventRounds "5"]
[EventCountry "ENG"]
[SourceTitle "EXT 2025"]
[Source "ChessBase"]
[SourceDate "2024.10.14"]
[SourceVersion "1"]
[SourceVersionDate "2024.10.14"]
[SourceQuality "1"]

1. d4 Nf6 2. f3 d6 3. e4 g6 4. Nc3 Bg7 5. Be3 c6 6. Qd2 h6 7. Bd3 b5 8. Nge2 b4 9. Nd1 Qa5 10. a3 c5 11. dxc5 dxc5 12. e5 Nd5 13. Be4 Nc7 14. Bxa8 Nxa8 15. 0-0 Nb6 16. Nf2 Nc4 17. axb4 Qxa1 18. Rxa1 Nxd2 19. Bxd2 Ba6 20. b5 Bxb5 21. Nc3 a6 22. f4 Bc6 23. Ra5 0-0 24. Rxc5 Rd8 25. Be3 f6 26. Nd3 Kf7 27. exf6 exf6 28. Nb4 Ba8 29. Rc7+ Kg8 30. Ra7 Bc6 31. Nxc6 Nxc6 32. Rxa6 Nb4 33. Rb6 Nxc2 34. Kf2 Rd7 35. Ne4 Nxe3 36. Kxe3 Kf7 37. Rb7 Rxb7 38. Nd6+ Ke6 39. Nxb7 f5 40. b3 Kd5 41. Kd3 Bf6 42. Na5 Bd4 43. Nc4 Bg1 44. h3 Bh2 45. Ke3 g5 46. fxg5 hxg5 47. Kf3 Be5 48. Nxe5 Kxe5 49. b4 f4 1-0

[Event "Witney op 7th"]
[Site "Witney"]
[Date "2019.11.02"]
[Round "2"]
[White "Rajesh, Gorak"]
[Black "McNally, Richard JE"]
[Result "0-1"]
[WhiteElo "173"]
[BlackElo "164"]
[PlyCount "83"]
[EventDate "2019.11.02"]
[EventType "swiss"]
[EventRounds "5"]
[EventCountry "ENG"]
[SourceTitle "EXT 2025"]
[Source "ChessBase"]
[SourceDate "2024.10.14"]
[SourceVersion "1"]
[SourceVersionDate "2024.10.14"]
[SourceQuality "1"]

1. e4 e5 2. Nf3 Nc6 3. Bb5 a6 4. Bxc6 dxc6 5. 0-0 Bd6 6. d4 Bg4 7. dxe5 Bxf3 8. Qxf3 Bxe5 9. Nc3 Qf6 10. Rd1 Qxf3 11. gxf3 Bxc3 12. bxc3 Rd8 13. Bg5 f6 14. Bf4 Rd7 15. Rab1 b6 16. Rd3 Rxd3 17. cxd3 Kd7 18. d4 Ne7 19. Be3 a5 20. c4 a4 21. Kf1 Ra8 22. Ke2 Ra5 23. Rb4 Rh5 24. Rxa4 Ng6 25. f4 f5 26. exf5 Ne7 27. Kf3 Rxh2 28. Ke4 Rh5 29. Ra8 Nxf5 30. a4 Nd6+ 31. Kd3 Nc8 32. c5 bxc5 33. dxc5 Rh1 34. Rb8 Ra1 35. Rb4 Ne7 36. Bd4 Ra3+ 37. Ke4 Nd5 38. Rc4 g6 39. f5 gxf5+ 40. Kxf5 Ke8 41. Kg5 Rf3 42. Kg4 0-1

[Event "Coventry Warwickshire op"]
[Site "Coventry"]
[Date "2019.02.24"]
[Round "4"]
[White "Burrows, Martin P"]
[Black "McNally, Richard JE"]
[Result "1/2-1/2"]
[WhiteElo "2144"]
[BlackElo "1922"]
[PlyCount "61"]
[EventDate "2019.02.22"]
[EventType "swiss"]
[EventRounds "5"]
[EventCountry "ENG"]
[SourceTitle "CBM 189 Extra"]
[Source "ChessBase"]
[SourceDate "2019.05.31"]
[SourceVersion "1"]
[SourceVersionDate "2019.05.31"]
[SourceQuality "1"]

1. c4 e6 2. Nc3 d5 3. d4 Nf6 4. cxd5 exd5 5. Bg5 c6 6. e3 Be7 7. Bd3 Nbd7 8. Qc2 Nh5 9. Bxe7 Qxe7 10. Nge2 Nhf6 11. 0-0 g6 12. Rab1 Nf8 13. b4 a6 14. a4 Ne6 15. b5 axb5 16. axb5 0-0 17. Na4 Ng7 18. bxc6 bxc6 19. Qxc6 Bf5 20. Bxf5 Nxf5 21. Nb6 Ra2 22. Ng3 Nxe3 23. Rbe1 Nfg4 24. Nxd5 Qh4 25. h3 Nxf1 26. Rxf1 Nxf2 27. Rxf2 Qxd4 28. Ne7+ Kh8 29. Qf6+ Qxf6 30. Rxf6 Kg7 31. Rf2 1/2-1/2

[Event "Witney op-A"]
[Site "Witney"]
[Date "2016.10.23"]
[Round "5"]
[White "McNally, Richard JE"]
[Black "Collins, Andrew"]
[Result "1-0"]
[WhiteElo "1780"]
[BlackElo "1750"]
[PlyCount "45"]
[EventDate "2016.10.22"]
[EventType "swiss"]
[EventRounds "5"]
[EventCountry "ENG"]
[SourceTitle "EXT 2025"]
[Source "ChessBase"]
[SourceDate "2024.10.14"]
[SourceVersion "1"]
[SourceVersionDate "2024.10.14"]
[SourceQuality "1"]

1. e4 c5 2. Nf3 d6 3. Bb5+ Bd7 4. Bxd7+ Nxd7 5. 0-0 g6 6. Nc3 Bg7 7. d3 Ngf6 8. Ng5 0-0 9. f4 h6 10. Nh3 e6 11. f5 exf5 12. exf5 Ne5 13. fxg6 Nxg6 14. Nf4 Kh7 15. Qf3 Qd7 16. Nfd5 Nxd5 17. Nxd5 Qc8 18. Qh5 Qd8 19. g3 b5 20. Rf5 Rb8 21. Bg5 Qc8 22. Nf6+ Bxf6 23. Qxh6+ 1-0

[Event "Witney op-A"]
[Site "Witney"]
[Date "2015.10.18"]
[Round "4"]
[White "Zakarian, David"]
[Black "McNally, Richard JE"]
[Result "1-0"]
[WhiteElo "2379"]
[BlackElo "180"]
[PlyCount "63"]
[EventDate "2015.10.17"]
[EventType "swiss"]
[EventRounds "5"]
[EventCountry "ENG"]
[SourceTitle "CBM 169 Extra"]
[Source "ChessBase"]
[SourceDate "2015.12.18"]
[SourceVersion "1"]
[SourceVersionDate "2015.12.18"]
[SourceQuality "1"]

1. d4 d5 2. Nf3 Nc6 3. c4 e5 4. dxe5 d4 5. a3 a5 6. g3 f6 7. exf6 Nxf6 8. Bg2 Bg4 9. 0-0 Qd7 10. Bg5 Be7 11. Nbd2 0-0 12. Qa4 Rae8 13. Qb5 Nh5 14. Qd5+ Qxd5 15. cxd5 Bxg5 16. Nxg5 Ne5 17. Ne6 Bxe6 18. dxe6 c6 19. Nf3 Nxf3+ 20. Bxf3 Nf6 21. Rac1 Rxe6 22. Rc5 Ne4 23. Rxa5 Nd2 24. Bg4 Ref6 25. Rd1 Nb3 26. Ra7 b5 27. Rd3 Nc1 28. Rxd4 Rxf2 29. Rdd7 Rf1+ 30. Kg2 R8f2+ 31. Kh3 Nxe2 32. Ra8+ 1-0

[Event "Coventry op 1st"]
[Site "Coventry"]
[Date "2004.04.18"]
[Round "4"]
[White "Winfridsson, Ola"]
[Black "McNally, Richard JE"]
[Result "1-0"]
[WhiteElo "2057"]
[BlackElo "1744"]
[PlyCount "81"]
[EventDate "2004.04.16"]
[EventType "swiss"]
[EventRounds "5"]
[EventCountry "ENG"]
[SourceTitle "CBM 099 Extra"]
[Source "ChessBase"]
[SourceDate "2004.05.04"]
[SourceVersion "1"]
[SourceVersionDate "2004.05.04"]
[SourceQuality "1"]

1. d4 d5 2. c4 e5 3. dxe5 d4 4. Nf3 Nc6 5. g3 f6 6. exf6 Nxf6 7. Bg2 Bg4 8. 0-0 Qd7 9. Qb3 Bc5 10. Qb5 Ne4 11. Nbd2 a6 12. Qa4 Nxd2 13. Bxd2 0-0 14. Rad1 Rae8 15. b4 Rxe2 16. Bf4 Rxf4 17. gxf4 Bh3 18. Nh4 Qg4 19. Rd3 Bxg2 20. Nxg2 Nxb4 21. Rg3 Qe6 22. a3 Nc2 23. Qb3 b6 24. Qf3 Qxc4 25. Qg4 Bf8 26. f5 Re7 27. Rh3 Qe2 28. Qh4 h6 29. Rg3 d3 30. Qc4+ Kh8 31. Qxd3 Qxd3 32. Rxd3 Rf7 33. Nh4 Bxa3 34. Rc3 Bd6 35. Rxc2 Kh7 36. Rd1 a5 37. Rc4 b5 38. Rc6 a4 39. Ra6 a3 40. Rdxd6 cxd6 41. Rxa3 1-0